|
|
|
|
| LEADER |
01883nam a2200409Ia 4500 |
| 001 |
EBC267487 |
| 003 |
MiAaPQ |
| 005 |
20200520144314.0 |
| 006 |
m o d | |
| 007 |
cr cn||||||||| |
| 008 |
040106s2004 ne ac sb 101 0 eng d |
| 010 |
|
|
|z 2004100157
|
| 020 |
|
|
|z 1586034081
|
| 035 |
|
|
|a (MiAaPQ)EBC267487
|
| 035 |
|
|
|a (Au-PeEL)EBL267487
|
| 035 |
|
|
|a (CaPaEBR)ebr10116458
|
| 035 |
|
|
|a (CaONFJC)MIL42870
|
| 035 |
|
|
|a (OCoLC)59281684
|
| 040 |
|
|
|a MiAaPQ
|c MiAaPQ
|d MiAaPQ
|
| 050 |
|
4 |
|a HD62.7
|b .N385 2004
|
| 082 |
0 |
4 |
|a 338.47355
|2 22
|
| 111 |
2 |
|
|a NATO Advanced Research Workshop on Defence Related SME's: Analysis and Description of Current Conditions
|d (2002 :
|c Funchal, Madeira Islands)
|
| 245 |
1 |
0 |
|a Defence related SME's
|h [electronic resource] :
|b analysis and description of current conditions /
|c edited by Fernando Duarte Carvalho.
|
| 260 |
|
|
|a Amsterdam ;
|a Oxford :
|b IOS Press,
|c c2004.
|
| 300 |
|
|
|a xvi, 211 p. :
|b ill., ports.
|
| 490 |
1 |
|
|a NATO science series. Series V, Science and technology policy ;
|v v. 43
|
| 500 |
|
|
|a "Proceedings of the NATO Advanced Research Workshop on Defence Related SME's - Analysis and Description of Current Conditions, 23-26 June 2002, Funchal, Portugal."
|
| 504 |
|
|
|a Includes bibliographical references and index.
|
| 533 |
|
|
|a Electronic reproduction. Ann Arbor, MI : ProQuest, 2015. Available via World Wide Web. Access may be limited to ProQuest affiliated libraries.
|
| 650 |
|
0 |
|a Small business
|v Congresses.
|
| 650 |
|
0 |
|a Defense industries
|v Congresses.
|
| 655 |
|
4 |
|a Electronic books.
|
| 700 |
1 |
|
|a Carvalho, Fernando Duarte.
|
| 710 |
2 |
|
|a ProQuest (Firm)
|
| 720 |
2 |
|
|a North Atlantic Treaty Organization
|
| 830 |
|
0 |
|a NATO science series.
|n Series V,
|p Science and technology policy ;
|v v. 43.
|
| 856 |
4 |
0 |
|u https://ebookcentral.proquest.com/lib/matrademy/detail.action?docID=267487
|z Click to View
|